Polskie miasta z liniami tramwajowymi - Statystyki

Ogólne statystyki
  • Ten quiz został rozwiązany 70 razy
  • Średni wynik to 23 z 27
Statystyki odpowiedzi
Populacja Miasto Województwo % Poprawnych
278 090 Katowice śląskie
100%
387 700 Szczecin zachodniopomorskie
100%
324 043 Bydgoszcz kujawsko-pomorskie
98%
487 834 Gdańsk pomorskie
98%
1 862 402 Warszawa mazowieckie
98%
673 531 Wrocław dolnośląskie
98%
648 711 Łódź łódzkie
97%
166 697 Olsztyn warmińsko-mazurskie
97%
536 818 Poznań wielkopolskie
97%
193 717 Toruń kujawsko-pomorskie
97%
807 644 Kraków małopolskie
92%
185 930 Sosnowiec śląskie
92%
153 067 Zabrze śląskie
92%
112 445 Elbląg warmińsko-mazurskie
91%
114 567 Gorzów Wielkopolski lubuskie
89%
146 922 Bytom śląskie
88%
204 730 Częstochowa śląskie
86%
169 259 Gliwice śląskie
86%
100 012 Chorzów śląskie
83%
112 876 Dąbrowa Górnicza śląskie
80%
88 658 Grudziądz kujawsko-pomorskie
80%
53 348 Będzin śląskie
70%
129 531 Ruda Śląska śląskie
70%
71 062 Mysłowice śląskie
69%
45 434 Świętochłowice śląskie
63%
63 185 Siemianowice Śląskie śląskie
55%
30 492 Czeladź śląskie
52%
Nie znaleziono quizów pasujących do podanych kryteriów
Rozkład punktacji
Procent ludzi z każdym wynikiem
Percentyl według liczby udzielonych odpowiedzi
Twoja historia wyników
Nie rozwiązałeś tego quizu